000 00751nam a2200241 i 4500
001 bg
100 1 _aPetrus, Jerzy T.
_d(1946- ).
245 1 0 _aZamek Królewski na Wawelu, Kraków /
_c[teksty Jerzy T. Petrus, Kazimierz Kuczman].
260 _aWarszawa :
_bRzeczpospolita,
_bHPS,
_ccop. 2007.
300 _a143 s. :
_bil. kolor. ;
_c25 cm.
490 1 _aWielkie Muzea : Polska
610 2 9 _aZamek Królewski na Wawelu - Państwowe Zbiory Sztuki (Kraków)
_xzbiory
700 1 _aKuczman, Kazimierz.
830 _aWielkie Muzea : Polska
020 _a9788360688502
040 _cBPK
041 _apol
044 _aPOL
080 _a7:069.5](438)
920 _a978-83-60688-50-2
942 _cKS
008 s pl f |000 0 pol
999 _c56114
_d56114
856 _uhttp://koha.tu.koszalin.pl/cgi-bin/koha/opac-detail.pl?biblionumber=56114
_yKatalog online BPK